Представление документа в формате RUSMARC

ПолеНазваниеЗначение
  Тип записи a
  Библиографический уровень a
001 Контрольный номер 6cad2df895cd4c95b974f7dc4af7266a
005 Дата корректировки 20140506180935.0
200 Заглавие и сведения об ответственности __
a Заглавие Стратификация молодежи в сферах образования, занятости и потребления
461 Уровень набора _0
1 2001
a Социс
463 Уровень физической единицы _0
1 200
v С.104-113
1 210
d 2005.- № 2
610 Ключевые слова __
a Ключевые слова социальная стратификация; молодежь; образование молодежи
686 Индексы других классификаций __
a Классификационный индекс 60.54
700 Автор __
a Фамилия Мкртчян
b Имя Г.М.
901 Тип документа __
t Тип документа b
938 Служебная информация __
a Название организации Волгоградский филиал
b Имя БД Статьи ВКИ
c Название АИБС АИБС МАРК-SQL
990 __
f 2005